Právna úprava spoločností obchodovaných na burze
Stav slovenského kapitálového trhu pred 1.12.2000. Situácia v roku 2001 a od 1.1.2002, kedy nadobudol účinnosť zákon č. 566/2001 Z.z. o cenných papieroch a investičných službách.
Salvato in:
| Autore principale: | |
|---|---|
| Natura: | Capitolo di libro |
| Lingua: | slovacco |
| Soggetti: | |
| Tags: |
Nessun Tag, puoi essere il primo ad aggiungerne!!
|
MARC
| LEADER | 00000naa a2200000 4500 | ||
|---|---|---|---|
| 001 | r043894 | ||
| 005 | 20230925125240.5 | ||
| 041 | 0 | |a slo | |
| 044 | |a SK | ||
| 245 | 1 | 0 | |a Právna úprava spoločností obchodovaných na burze |c Michal Horváth |
| 520 | |a Stav slovenského kapitálového trhu pred 1.12.2000. Situácia v roku 2001 a od 1.1.2002, kedy nadobudol účinnosť zákon č. 566/2001 Z.z. o cenných papieroch a investičných službách. | ||
| 610 | 2 | 0 | |a trh kapitálový |
| 610 | 2 | 0 | |a papiere cenné |
| 610 | 2 | 0 | |a spoločnosti kapitálové |
| 610 | 2 | 0 | |a burzovníctvo |
| 610 | 2 | 0 | |a úpravy právne |
| 610 | 2 | 0 | |a Slovensko |
| 100 | 1 | |a Horváth, Michal | |